| 000 | 01298cam a22003254a 4500 | ||
|---|---|---|---|
| 001 | 1686783 | ||
| 005 | 20230307153844.0 | ||
| 008 | 990616s1999 cauab b 001 0 eng | ||
| 010 | _a 99037464 | ||
| 020 | _a0520217721 (alk. paper) | ||
| 040 |
_aDLC _cDLC _dDLC |
||
| 042 | _apcc | ||
| 043 | _aa-ii--- | ||
| 050 | 0 | 0 |
_aUA840 _b.P47 1999 |
| 082 | 0 | 0 |
_a355.02170954 _221 _bPER 1999 |
| 100 | 1 |
_aPerkovich, George, _d1958- _9109977 |
|
| 245 | 1 | 0 |
_aIndia's nuclear bomb : _bthe impact on global proliferation / _cGeorge Perkovich. |
| 260 |
_aBerkeley : _bUniversity of California Press, _cc1999. |
||
| 300 |
_axii, 597 p. : _bill., map ; _c24 cm. |
||
| 500 | _a"A Philip E. Lilienthal book." | ||
| 504 | _aIncludes bibliographical references (p. 473-582) and index. | ||
| 650 | 0 |
_aNuclear weapons _zIndia. _937422 |
|
| 650 | 0 |
_aWorld politics _y1989- |
|
| 651 | 0 |
_aIndia _xMilitary policy. _93885 |
|
| 856 | 4 | 2 |
_3Contributor biographical information _uhttp://www.loc.gov/catdir/bios/ucal052/99037464.html |
| 856 | 4 | 2 |
_3Publisher description _uhttp://www.loc.gov/catdir/description/ucal042/99037464.html |
| 906 |
_a7 _bcbc _corignew _d1 _eocip _f19 _gy-gencatlg |
||
| 942 |
_2ddc _cBK |
||
| 999 |
_c593568 _d593568 |
||